[Event "2nd Sharjah Masters 2018"]
[Site "Sharjah"]
[Date "2018.04.19"]
[Round "9"]
[White "Bharath Subramaniyam H"]
[Black "Dhulipalla Bala Chandra Prasa"]
[Result "1-0"]
[WhiteElo "1997"]
[BlackElo "2294"]
[Annotator "TA"]
[PlyCount "158"]
[EventDate "2018.??.??"]
[EventType "swiss"]
[EventCountry "UAE"]
[SourceTitle "playchess.com"]
[Source "ChessBase"]
[SourceQuality "1"]

{[%evp 15,158,0,22,-4,0,-40,-36,-38,-45,-48,-40,-48,-35,-45,-37,-65,-66,-65,-67,-98,-101,-93,-91,-92,-93,-90,-79,-112,-113,-119,-108,-114,-109,-135,-132,-143,-127,-142,-134,-192,-195,-215,-212,-212,-208,-208,-208,-220,-217,-216,-202,-212,-202,-205,-195,-219,-200,-201,-201,-218,-218,-219,-226,-247,-246,-246,-246,-264,-262,-282,-255,-272,-205,-284,-208,-268,-280,-285,-264,-324,-325,-313,-45,-35,-43,-37,-36,-58,-62,-127,-62,-74,-32,-46,-25,-205,-201,-466,-100,-122,145,158,247,238,233,234,243,240,230,234,425,384,423,420,412,392,401,387,395,384,466,447,789,860,858,811,850,841,825,808,822,819,879,867,863,839,841,826,880,862,835,823,1296,1175,1039]} 1. e4 e5 2. Nf3 Nc6 3. Bb5 a6 4. Ba4 Nf6 5. d3 d6 6. c4 g6 7. Nc3 Bg7 8. O-O {C77: Ruy Lopez: 3...a6 4 Ba4 Nf6, unusual lines} O-O {LiveBook: 11 Games} 9. Bg5 (9. h3 Nd7 10. Bg5 f6 11. Be3 f5 12. exf5 gxf5 13. Bg5 Nf6 14. Re1 Ne7 15. c5 Kh8 16. cxd6 cxd6 17. Qd2 {1-0 (42) Alekseenko,K (2594)-Smeets,J (2608) chess.com INT 2018}) 9... h6 10. Bh4 $146 {The position is equal.} ({Predecessor:} 10. Be3 Ng4 11. Bd2 Nf6 12. h3 Nd7 13. Bxc6 bxc6 14. b4 f5 15. Re1 Bb7 {½-½ (29) Kuusela,M (2228)-Satosuo,R (2011) ICCF email 2014}) 10... g5 11. Bg3 Bg4 {[%cal Bc8g4,Bg4h5,Bh5g6][%mdl 32]} 12. h3 Bh5 13. Bxc6 bxc6 14. Qe2 Bg6 15. Qe3 Nh5 16. Bh2 c5 17. a3 a5 18. Rab1 Nf4 19. Nd2 Rb8 20. Rfd1 Qd7 21. b3 Rb7 22. Rb2 Rfb8 23. Rdb1 Ne6 24. a4 c6 25. Bg3 Nd4 26. Bh2 Re8 27. f3 (27. g4 $17) 27... f5 $19 {[%cal Bf7f5,Bf5f4][%mdl 32]} 28. Ne2 f4 29. Qf2 Ne6 30. Kh1 Bf6 31. Rg1 Kh7 32. Rbb1 Rf8 33. Rbf1 Qc8 34. Qe1 Bd8 35. Qf2 Rbf7 36. g3 fxg3 37. Bxg3 Nf4 38. Bxf4 gxf4 (38... exf4 39. Qg2 $17) 39. Qh2 (39. Qg2 Rg7 $17) 39... Bh4 40. Rg4 (40. Qg2 Rg7) 40... Qd8 41. Rgg1 Bh5 42. Rg2 Qd7 43. Rfg1 Re8 44. Rf1 Qc8 45. Qg1 Ree7 46. Qh2 Qb8 47. Rfg1 Qb4 48. Rd1 Be1 $2 ({Better is} 48... Rb7 $19 {White must now prevent ...Rg7.} 49. Qg1 Rg7) 49. Nxf4 $1 $15 exf4 50. Rxe1 Qc3 51. Rf2 Qxd3 52. Rg1 ({White should play} 52. h4 $1 $15) 52... Qd4 (52... Qe3 $1 $17 53. Qg2 Rg7) 53. Rff1 d5 54. Qf2 dxe4 55. fxe4 $2 (55. Nxe4 $11 Qxf2 56. Rxf2) 55... Qe3 $19 {And now ...Be2 would win.} 56. Kh2 $2 (56. Qg2 $2 Rg7 $19) (56. Rg2) 56... Rd7 $2 (56... Be2 $19 57. Qxe3 (57. Qg2 $2 Rg7 $19) 57... fxe3 58. Rxf7+ Rxf7) 57. Nf3 $17 {[#]} Qxe4 $2 {[%mdl 8192]} (57... Rfe7 $1 $17 {keeps the pressure on. Hoping for ...Qxf2+.} 58. e5 (58. Qg2 Rg7 $17) 58... Qxf2+ 59. Rxf2 Rd3) 58. Qg2 $40 {[%csl Gg1][%cal Rg2g8][%mdl 128] White attacks with force.} Qg6 (58... Bg6 $16 {might work better.}) 59. Ne5 $1 $18 {[%csl LRc6,LRd7,LRf7,LRg6]} Qg3+ {[#]} 60. Kh1 $1 (60. Qxg3 fxg3+ 61. Rxg3 (61. Kxg3 Rxf1 62. Rxf1 Rd6 $14) 61... Rxf1 $14) 60... Qxg2+ 61. Rxg2 f3 62. Rgf2 Rfe7 $2 (62... Kg7 63. Kh2 (63. Nxd7 Rxd7 64. Kh2 Rd3 $16) (63. Nxf7 Kxf7 64. Kh2 Rd3 $16) (63. Nxc6 Rd6 $17) 63... Kf6 64. Nxf7 (64. Nxd7+ Rxd7 65. Kg3 Rd4 $16) 64... Rxf7) 63. Nxd7 Rxd7 {[%mdl 4096] Endgame KRR-KRB} 64. Re1 Rd3 65. Re5 Bf7 66. Rf5 Bg6 67. Rxc5 Be4 68. Re5 {White is clearly winning.} Re3 (68... Bg6 $142 69. Kh2 Rxb3 70. Rxa5 Bf7) 69. Kh2 Re1 70. Kg3 Rg1+ 71. Kf4 Rg2 72. Rf1 ({Less strong is} 72. Kxe4 Rxf2 73. Rxa5 Rb2 $18) 72... Bc2 73. Rxf3 Rg7 74. Rxa5 Rf7+ 75. Kg3 Rg7+ 76. Kf2 Rb7 77. Rc5 Bxb3 78. a5 Ba4 79. Ra3 Rf7+ {Precision: White = 50%, Black = 53%.} 1-0